El Derecho a la sindicalización: lo jurídico y lo real
Kaydedildi:
| Materyal Türü: | Metin |
|---|---|
| Konular: | |
| Etiketler: |
Etiketle
Etiket eklenmemiş, İlk siz ekleyin!
|
MARC
| LEADER | 00000 a a2200000 04500 | ||
|---|---|---|---|
| 001 | 3923 | ||
| 003 | |||
| 040 | |||
| 245 | |a El Derecho a la sindicalización: |b lo jurídico y lo real | ||
| 650 | |a SINDICALISMO | ||
| 650 | |a COSTA RICA | ||
| 773 | |g número 12; páginas 14-21 | ||
| 999 | |c 23387 |d 23387 | ||
